Welcome to WEB OPAC of MRSPTU Central Library

Communicating in business (Record no. 5947)

MARC details
000 -LEADER
fixed length control field 00449nam a2200181Ia 4500
008 - FIXED-LENGTH DATA ELEMENTS--GENERAL INFORMATION
fixed length control field 230711s9999||||xx |||||||||||||| ||und||
020 ## - INTERNATIONAL STANDARD BOOK NUMBER
International Standard Book Number 978-81-315-1636-2
041 ## - LANGUAGE CODE
Language code of text/sound track or separate title ENG
082 ## - DEWEY DECIMAL CLASSIFICATION NUMBER
Classification number 651.7
Item number WI-C
100 ## - MAIN ENTRY--PERSONAL NAME
Personal name Williams,Karen
245 #0 - TITLE STATEMENT
Title Communicating in business
250 ## - EDITION STATEMENT
Edition statement 8th Ed.
260 ## - PUBLICATION, DISTRIBUTION, ETC.
Date of publication, distribution, etc. 2011
Place of publication, distribution, etc. Delhi
Name of publisher, distributor, etc. Cengage Learning
300 ## - PHYSICAL DESCRIPTION
Extent 712p.
650 ## - SUBJECT ADDED ENTRY--TOPICAL TERM
Topical term or geographic name entry element UNIVESITY BUSNIESS SCHOOL
700 ## - ADDED ENTRY--PERSONAL NAME
Personal name Krizan,A.C,"Buddy"
942 ## - ADDED ENTRY ELEMENTS (KOHA)
Koha item type Book
Holdings
Withdrawn status Lost status Damaged status Not for loan Collection Home library Current library Date acquired Cost, normal purchase price Inventory number Total checkouts Full call number Barcode Date last seen Price effective from Koha item type Date last checked out
          MRSPTU Central Library MRSPTU Central Library   550.00 842483   651.7 WI-C 32047 08/17/2023 08/17/2023 Book  
          MRSPTU Central Library MRSPTU Central Library   550.00 842483   651.7 WI-C 32048 08/17/2023 08/17/2023 Book  
          MRSPTU Central Library MRSPTU Central Library   550.00 842483 2 651.7 WI-C 32049 12/11/2025 08/17/2023 Book 12/11/2025
          MRSPTU Central Library MRSPTU Central Library         658.45 WI-C 38071 08/17/2023 08/17/2023 Book  
          MRSPTU Central Library MRSPTU Central Library       1 658.45 WI-C 38072 07/29/2024 08/17/2023 Book 12/20/2023
          MRSPTU Central Library MRSPTU Central Library         658.45 WI-C 38073 08/17/2023 08/17/2023 Book  
          MRSPTU Central Library MRSPTU Central Library         658.45 WI-C 38074 08/17/2023 08/17/2023 Book  
          MRSPTU Central Library MRSPTU Central Library         658.45 WI-C 38075 08/17/2023 08/17/2023 Book  
          MRSPTU Central Library MRSPTU Central Library         658.45 WI-C 38076 08/17/2023 08/17/2023 Book  
          MRSPTU Central Library MRSPTU Central Library       1 658.45 WI-C 38077 12/19/2025 08/17/2023 Book 12/08/2025
          MRSPTU Central Library MRSPTU Central Library       1 658.45 WI-C 38078 03/12/2024 08/17/2023 Book 02/22/2024
          MRSPTU Central Library MRSPTU Central Library         658.45 WI-C 38079 08/17/2023 08/17/2023 Book  
          MRSPTU Central Library MRSPTU Central Library       4 658.45 WI-C 38080 06/03/2025 08/17/2023 Book 05/13/2025

Website Designed and Developed by MRSPTU Central Library Team

E-mail Id: librarian@mrsptu.ac.in